00497nam a2200133 i 450000100060000000300090000600700030001500800410001810000290005924501730008826000490026130000220031085200310033270492ES-MaACLt|040727s1949 sp ||||1| spa d1 aGarcia Valdés, Rafael.10aDerecho Procesal b: respuestas a los 50 temas de Derecho Procesal para jueces comarcales, publicado el 14 de enero de 1949 / credactadas por Rafael García Valdés. aMadrid : bInstituto Editorial Reus, c1949. a439 p. ; c23 cm. aES-MaACLjB-1557 bR.28530